Я учусь говорить правильно (Запись № 12527350)

Подробности
000 -МАРКЕР
контрольное поле 02428nam0a2200385 4500
001 - ИДЕНТИФИКАТОР ЗАПИСИ
контрольное поле RU\NLR\BIBL_A\012883383
005 - ИДЕНТИФИКАТОР ВЕРСИИ
контрольное поле 20250624212649.0
010 ## - МЕЖДУНАРОДНЫЙ СТАНДАРТНЫЙ НОМЕР КНИГИ (ISBN)
Номер (ISBN) 978-5-17-146549-0
Тираж 2000
021 ## - НОМЕР ГОСУДАРСТВЕННОЙ РЕГИСТРАЦИИ
Код страны российская федерация
Номер 2022-45777
Номер Листа государственной регистраци КН-П-3957
035 ## - ДРУГИЕ СИСТЕМНЫЕ НОМЕРА
Идентификатор записи (RuMoRGB)011142078
035 ## - ДРУГИЕ СИСТЕМНЫЕ НОМЕРА
Идентификатор записи (NLR Aleph) 012883383
100 ## - ДАННЫЕ ОБЩЕЙ ОБРАБОТКИ
Данные общей обработки 20220906d2022 |||y0rusy50 ca
101 0# - ЯЗЫК РЕСУРСА
Язык текста, звукозаписи и т.д. русский
102 ## - СТРАНА ПУБЛИКАЦИИ ИЛИ ПРОИЗВОДСТВА
Страна публикации российская федерация
105 ## - ПОЛЕ КОДИРОВАННЫХ ДАННЫХ: ТЕКСТОВЫЕ МАТЕРИАЛЫ, МОНОГРАФИЧЕСКИЕ
Кодированные данные о монографическом текстовом документе a|||z|||000gy
181 #0 - ПОЛЕ КОДИРОВАННЫХ ДАННЫХ: ВИД СОДЕРЖАНИЯ
Код вида содержания (ISBD) i3
Код характеристики содержания (ISBD) axxe
181 #0 - ПОЛЕ КОДИРОВАННЫХ ДАННЫХ: ВИД СОДЕРЖАНИЯ
Код вида содержания (ISBD) b1
Код характеристики содержания (ISBD) xb2e
182 #0 - ПОЛЕ КОДИРОВАННЫХ ДАННЫХ: ТИП СРЕДСТВА
Код типа средства (ISBD) n - непосредственное
200 1# - ЗАГЛАВИЕ И СВЕДЕНИЯ ОБ ОТВЕТСТВЕННОСТИ
Основное заглавие Я учусь говорить правильно
Сведения, относящиеся к заглавию скороговорки для развития речи
-- для занятий родителей с детьми дошкольного возраста
-- [4-6 лет]
Первые сведения об ответственности Е. В. Лаптева
203 ## - ВИД СОДЕРЖАНИЯ И ТИП СРЕДСТВА
Вид содержания Текст
-- Изображение
Дополнительные сведения об издании визуальные
Тип средства непосредственные
210 ## - ПУБЛИКАЦИЯ, РАСПРОСТРАНЕНИЕ И ДР.
Место издания, распространения и т.д. Москва
Имя издателя, распространителя и т. д. Lingua
-- АСТ
Дата издания, распространения и т.д. 2022
215 ## - ФИЗИЧЕСКАЯ ХАРАКТЕРИСТИКА
Специфическое обозначение материала и объем 78 с.
Другие сведения о физической характеристике цв. ил.
Размеры 22
225 1# - СЕРИЯ
Основное заглавие серии Суперобучалочка
330 ## - РЕЗЮМЕ ИЛИ РЕФЕРАТ
Текст примечания Предлагаемая книга включает большое количество простых и весёлых скороговорок, подобранных с учётом возрастных особенностей дошкольников. Скороговорки расположены по фонетическому принципу и рассчитаны на проработку всех звуков. В книге даются рекомендации родителям по индивидуальной работе с ребёнком, а также предлагаются различные вариации упражнений и речевых игр. Книга рассчитана для занятий родителей с детьми дошкольного возраста, в частности будет очень полезна детям с речевыми дефектами
333 ## - ПРИМЕЧАНИЯ ОБ ОСОБЕННОСТЯХ РАСПРОСТРАНЕНИЯ И ИСПОЛЬЗОВАНИЯ
Текст примечания 0+
606 1# - НАИМЕНОВАНИЕ ТЕМЫ КАК ПРЕДМЕТ
Наименование темы Детская речь
Тематический подзаголовок Дефекты
-- Исправление
-- Использование скороговорок
Системный номер авторитетной/нормативной записи 2588100
Идентификатор авторитетной/нормативной записи RU\NLR\AUTH\661529612
675 ## - УНИВЕРСАЛЬНАЯ ДЕСЯТИЧНАЯ КЛАССИФИКАЦИЯ (UDC/УДК)
Индекс 373.2.025
Издание 4
675 ## - УНИВЕРСАЛЬНАЯ ДЕСЯТИЧНАЯ КЛАССИФИКАЦИЯ (UDC/УДК)
Индекс 821.161.1-93
Издание 4
686 1# - ИНДЕКСЫ ДРУГИХ КЛАССИФИКАЦИЙ
Индекс Ч437.92
700 #1 - ИМЯ ЛИЦА - ПЕРВИЧНАЯ ОТВЕТСТВЕННОСТЬ
Графика поля Кириллица
Материалы, к которым относится поле rus
Начальный элемент ввода Лаптева
Часть имени, кроме начального элемента ввода Е. В.
Расширение инициалов личного имени Елена Валерьевна
Системный номер авторитетной/нормативной записи 139728
Идентификатор авторитетной/нормативной записи RU\NLR\AUTH\770139763
942 ## - ДОПОЛНИТЕЛЬНЫЕ ЭЛЕМЕНТЫ ЗАПИСИ (АБИС)
Тип экземпляра АБИС Книга
980 ## - КОЛЛЕКЦИЯ
Название коллекции Национальная библиография
Экземпляры
Тип экземпляра Дата поступления Источник поступления Библиотека постоянного хранения Библиотека текущего хранения Место хранения Шифр хранения Штрих-код Статус не для выдачи
Книга 06.09.2022 Обязательный экземпляр РНБ (Московский) РНБ (Московский) Русский книжный фонд: издания с 1957 года, 8этаж, Хран. 2022-6/1008 1-3970997  
Книга 06.09.2022 Обязательный экземпляр РНБ (Московский) РНБ (Московский) Обменный фонд   1-3970993